|
|
|
|
| LEADER |
00000nlm0a2200000 4500 |
| 001 |
318189 |
| 005 |
20231102003042.0 |
| 035 |
|
|
|a (RuTPU)RU\TPU\book\343686
|
| 035 |
|
|
|a RU\TPU\book\343680
|
| 090 |
|
|
|a 318189
|
| 100 |
|
|
|a 20160422j20160309k y0rusy50 ca
|
| 101 |
0 |
|
|a rus
|
| 102 |
|
|
|a RU
|
| 105 |
|
|
|a a m 001zy
|
| 135 |
|
|
|a drcn ---uucaa
|
| 181 |
|
0 |
|a i
|
| 182 |
|
0 |
|a b
|
| 200 |
1 |
|
|a Концентрирование и определение металлов с использованием сорбентов на основе неорганических оксидов, модифицированных сульфопроизводными органических реагентов
|b Электронный ресурс
|e диссертация на соискание ученой степени кандидата химических наук
|e спец. 02.00.02
|f А. Н. Мухина
|g Сибирский федеральный университет (СФУ) ; науч. рук. В. Н. Лосев
|
| 203 |
|
|
|a Текст
|c электронный
|
| 210 |
|
|
|a Красноярск
|d 2016
|
| 215 |
|
|
|a 1 файл (1.87 Mb)
|
| 230 |
|
|
|a Электронные текстовые данные (1 файл : 1.87 Mb)
|
| 300 |
|
|
|a Заглавие с титульного экрана
|
| 300 |
|
|
|a Электронная версия печатной публикации
|
| 452 |
|
1 |
|0 (RuTPU)RU\TPU\book\342672
|t Концентрирование и определение металлов с использованием сорбентов на основе неорганических оксидов, модифицированных сульфопроизводными органических реагентов
|o диссертация на соискание ученой степени кандидата химических наук
|o спец. 02.00.02
|f А. Н. Мухина
|g Сибирский федеральный университет (СФУ), Кафедра физической и неорганической химии ; науч. рук. В. Н. Лосев
|c Красноярск
|n [Б. и.]
|d 2015
|p 149 л.
|a Мухина, Александра Николаевна
|
| 606 |
1 |
|
|a Металлы
|x Определение
|2 stltpush
|3 (RuTPU)RU\TPU\subj\75047
|9 86928
|
| 610 |
1 |
|
|a диссертации
|
| 610 |
1 |
|
|a электронный ресурс
|
| 610 |
1 |
|
|a труды учёных ТПУ
|
| 610 |
1 |
|
|a концентрирование
|
| 610 |
1 |
|
|a определение
|
| 610 |
1 |
|
|a металлы
|
| 610 |
1 |
|
|a сорбенты
|
| 610 |
1 |
|
|a неорганические оксиды
|
| 610 |
1 |
|
|a органические реагенты
|
| 610 |
1 |
|
|a ионы металлов
|
| 675 |
|
|
|a 546.3(04)
|v 3
|
| 675 |
|
|
|a 543-412.2(04)
|v 3
|
| 686 |
|
|
|a 02.00.02
|2 oksvnk
|
| 700 |
|
1 |
|a Мухина
|b А. Н.
|g Александра Николаевна
|
| 702 |
|
1 |
|a Лосев
|b В. Н.
|g Владимир Николаевич
|4 727
|
| 712 |
0 |
2 |
|a Сибирский федеральный университет (СФУ)
|c (Красноярск)
|2 stltpush
|3 (RuTPU)RU\TPU\col\11098
|
| 801 |
|
2 |
|a RU
|b 63413507
|c 20160704
|g RCR
|
| 856 |
4 |
|
|u http://earchive.tpu.ru/handle/11683/30601
|
| 942 |
|
|
|c CF
|